| 000 | 00661nam a22002417a 4500 | ||
|---|---|---|---|
| 005 | 20170124110013.0 | ||
| 010 | _a919824 | ||
| 020 | _c00.00 | ||
| 035 | _a919824 | ||
| 037 | _bCen Lib/ Ret | ||
| 040 |
_aDPL _bEN |
||
| 082 |
_a342.42 _bAYL |
||
| 100 |
_aAylmer, G.E _918143 |
||
| 245 |
_aStuggle for the constitution / _cby G.E. Aylmar |
||
| 260 |
_aNew Delhi _bSurjeet publications _c1978 |
||
| 270 |
_bNew Delhi _a7-K, Koihapur Kamal nagar |
||
| 300 |
_aviii,267p. _c19cm(Hb) |
||
| 500 | _aIncludes index | ||
| 650 |
_aLaw _9104 |
||
| 650 |
_aConstitution _zIndia _918144 |
||
| 700 | _918106 | ||
| 942 |
_2ddc _cEN _h342.42 _mAYL |
||
| 999 |
_c126673 _d126673 |
||